000 00649nam a2200229 a 4500
001 72328
003 BD-RjUL
005 20211209082240.0
008 170516s1971 at ab 001 0 eng
020 _a0909752028
035 _a(BD-RjUL)72545
040 _aDLC
_cDLC
_dDLC
_dBD-RjUL
_beng
041 _aeng
082 0 0 _223
_a338.20994
_bCOA 1971
100 1 _aCoghill, Ian G.
_9201946
245 1 0 _aAustralia's mineral wealth /
_cIan Coghill.
260 _aMelbourne :
_bSorrett Publishing
_c1971
300 _a208 p. :
_bIll. ;
_c28 cm.
500 _aInduces index
650 0 _aMines and mineral resources
_zAustralia.
_9213893
942 _2ddc
_cBK
999 _c72328
_d72328